000
00267nam a2200121Ia 4500
008
191201s2019 xx 000 0 und d
100
_a
SHARMA,JK
245
0
_a
Business statistics
260
_b
Vikas Pub
_c
2019
300
_a
737
650
_a
BBA
942
_2
ddc
_c
BK
_0
3
999
_c
6979
_d
6979